Central Library OPAC University of Rajshahi

Quest for failure ; (Record no. 17442)

MARC details
000 -LEADER
fixed length control field 00721nam a2200229 a 4500
001 - CONTROL NUMBER
control field 17442
003 - CONTROL NUMBER IDENTIFIER
rucl marc code BD-RjUL
005 - DATE AND TIME OF LATEST TRANSACTION
control field 20211209000136.0
008 - FIXED-LENGTH DATA ELEMENTS--GENERAL INFORMATION
fixed length control field 140217r1961ctu 000 0 eng d
020 ## - INTERNATIONAL STANDARD BOOK NUMBER
International Standard Book Number 083716432X
035 ## - SYSTEM CONTROL NUMBER
System control number (BD-RjUL)17500
040 ## - CATALOGING SOURCE
Original cataloging agency BD-RjUL
Language of cataloging eng
Transcribing agency BD-RjUL
Modifying agency BD-RjUL
041 ## - LANGUAGE CODE
Language code of text/sound track or separate title eng
082 ## - DEWEY DECIMAL CLASSIFICATION NUMBER
Classification number 813.52
Author mark and year SLQ 1961
100 1# - MAIN ENTRY--PERSONAL NAME
Personal name Slatoff, Walter J.
Fuller form of name (Walter Jacob),
Dates associated with a name 1922-
9 (RLIN) 53747
245 10 - TITLE STATEMENT
Title Quest for failure ;
Remainder of title a study of William Faulkner /
Statement of responsibility, etc. by Walter J. Slatoff
260 ## - PUBLICATION, DISTRIBUTION, ETC. (IMPRINT)
Place of publication, distribution, etc. Westport, Conn :
Name of publisher, distributor, etc. Greenwood,
Date of publication, distribution, etc. 1961.
300 ## - PHYSICAL DESCRIPTION
Pagination x, 275 p. :
Size 23 cm
504 ## - BIBLIOGRAPHY, ETC. NOTE
Bibliography, etc Bibliography p. 266-269
600 10 - SUBJECT ADDED ENTRY--PERSONAL NAME
Personal name Faulkner, William,
Dates associated with a name 1897-1962
General subdivision Criticism and interpretation.
942 ## - ADDED ENTRY ELEMENTS (KOHA)
Source of classification or shelving scheme Dewey Decimal Classification
Koha item type Books
Holdings
Lost status Source of classification or shelving scheme Damaged status Not for loan Collection code Permanent Location Current Location Shelving location Date acquired Source of acquisition Total Checkouts Full call number Date last seen Copy number Koha item type
  Dewey Decimal Classification   Not For Loan Non-fiction Central Library, University of Rajshahi Central Library, University of Rajshahi Reading Room 17/08/1965 Zeittinger   813.52 SLQ 1961 17/02/2014 C-1 Books